00543 2200181 4500001002100000005001700021008004100038035002400079040001200103082001500115090001900130245007200149260005500221300002600276650002900302850001200331990001800343INLIS00000000002385920161103095451.0  0010-111600000000113 aYOPDYOG 223a069.52 aNUS 069.52 Pam aPAMERAN khusus ragam hias pakaian pengantin tradisional Se-Sumatera aMedanbMuseum Negeri Provinsi Sumatera Utarac1997 aii, 18 hlm.c; 20 cm. aKoleksi Museum - Pameran aYOPDYOG a45860-PD/A.12